000
00360nam a2200169Ia 4500
100
_a
Kumar/H.D.
650
_a
General
250
_a
2
942
_c
BK
654
_a
Biotechnology
245
_a
Text book of Biotechnology
260
_b
East West Press
_a
New Delhi
_c
1998
082
_a
664.024
_b
KUM
300
_a
639
546
_a
ENGLISH
999
_c
19878
_d
19878